000 00491cam a2200193ua 4500
001 10501
005 20260515114630.0
008 190312n ii |||gr||||Z||||||eng
020 _a9788173811562
040 _cMAIN
082 _a301
100 _aParimal B Kar,
_eAuthor.
245 _aMAIN
_bthe discipline and its dimensions
250 _a2nd/rep.
260 _aKolkata:
_bcentral educational enterprises,
_c2017.
300 _a373p.
653 _aSociology & anthropology
942 _cBK
999 _c9475
_d9475